000 00703na a2200217 4500
001 16716
003 MIRAKIL
005 20181213154946.0
008 161012b tu 000 0
035 _a16716
040 _aMilas
_btur
_cTR-AnCHP
041 _atur
082 _a352.05651129 2011
_bY35 2012
090 _a352.05651129 2011 Y35 2012
245 _aYenimahalle Belediyesi
_b2011 mali yılı faaliyet raporu
_cYenimahalle Belediyesi
260 _aAnkara
_bYenimahalle Belediyesi
_c2012
300 _a243 s.
_bfotg.
_c30 sm.
610 _aYenimahalle Belediyesi (Ankara)
_xFaaliyet raporu
_yMali yıl, 2011
650 _aYerel yönetimler
_xYenimahalle Belediyesi
_yRaporlar
942 _2ddc
_cBKS
999 _c3899
_d3899